|
|
|
|
| LEADER |
00909nam a2200253 a 4500 |
| 001 |
c000058809 |
| 003 |
CARM |
| 005 |
00000000000000.0 |
| 008 |
880419s1987 enka 00110 eng d |
| 019 |
1 |
|
|a 5680965
|5 LACONCORD2021
|
| 020 |
|
|
|a 0297790854
|
| 035 |
|
|
|a (OCoLC)16859263
|5 LACONCORD2021
|
| 040 |
|
|
|a SSLP
|c SSLP
|
| 100 |
1 |
|
|a Carpenter, Edward,
|d 1910-
|
| 245 |
1 |
0 |
|a Westminster Abbey /
|c Edward Carpenter and David Gentleman.
|
| 260 |
|
|
|a London :
|b Weidenfeld and Nicolson,
|c 1987.
|
| 300 |
|
|
|a 128 p. :
|b ill. (some col.) ;
|c 28 cm.
|
| 500 |
|
|
|a Includes index.
|
| 610 |
2 |
0 |
|a Westminster Abbey.
|
| 700 |
1 |
|
|a Gentleman, David,
|d 1930-
|
| 852 |
8 |
|
|b CARM
|h A2:AI05C0
|i D02087
|p 0107816
|f BK
|
| 082 |
0 |
4 |
|a 942.132
|2 19
|
| 999 |
f |
f |
|i c87fc72f-8633-546f-950c-e00bb541a6ea
|s bfb93cef-0ac5-595a-8f98-35248482062c
|
| 952 |
f |
f |
|p Can circulate
|a CAVAL
|b CAVAL
|c CAVAL
|d CARM 1 Store
|e D02087
|f A2:AI05C0
|h Other scheme
|i book
|m 0107816
|